1557 1294 1092 1253 1268 1427 1471 1588 1704 1286 1626 1163 1403 1598 1046 1085 1656 1828 1524 1789 1489 1129 1104 1619 1508 1594 1480 1194 1801 1156 1692 1450 1621 1095 1359 1938 1099 1809 1784 1010 1332 1426 1361 1695 1413 1008 1092 1452 1737 1859 1431 1945 1862 1733 1181 1938 1347 1325 1985 1871 1872 1503 1338 1678 1503 1171 1331 1463 1869 1839 1939 1563 1140 1994 1910 1523 1744 1745 1982 1156 1958 1417 1443 1483 1076 1362 1098 1301 1815 1363 1159 1505 1912 1985 1671 1377 1468 1919 1675 BCNSPRNW ULIB Ver.6.0+V

เปลี่ยนเป็นภาษาไทย

Change to English
 แสดงรายละเอียดบรรณานุกรม
  กลับหน้าหลัก

Brief Record : Get Marc (ISO 2709) : E-mail record : QR code < ปิดหน้าต่าง
LEADER : 00000nam 2200000uu 4500
001    13399123560
003     ULIB
008    141008s2555||||th 000 0 tha d
020    ^a9786162791321
060 04 ^aQZ4^bต367
110 1  ^aมหาวิทยาลัยมหิดล^bคณะแพทยศาสตร์โรงพยาบาลรามาธิบดี. ^bภาควิชาพยาธิวิทยา
245 00 ^aตำราพยาธิวิทยากายวิภาค เล่ม 1 =^bAnatomical pathologyvolume 1 /^cบรรณาธิการ ศันสนีย์ วงศ์ไวศยวรรณ
246 31 ^aAnatomical pathology volume 1
250    ^aพิมพ์ครั้งที่ 2
260    ^aกรุงเทพฯ :^bโรงพิมพ์เดือนตุลา,^c2555
300    ^a615, [20] หน้า :^bภาพประกอบ ;^c30 ซม.
650  2 ^aPathology
650  4 ^aพยาธิวิทยา
650  4 ^aกายวิภาคศาสตร์
700 0  ^aธำรง จิรจริยาเวช,^eบรรณาธิการ
945    ^p1000^l0^i21161
945    ^p1000^l0^i21162
945    ^p1000^l0^i21163
945    ^p1000^l0^i21164
945    ^p1000^l0^i21165
945    ^p1000^l0^i21166
945    ^p1000^l0^i21167
945    ^p1000^l0^i21168
945    ^p1000^l0^i21169
945    ^p1000^l0^i21170
999    ^aทศพร เกษรทอง
รายการนี้ยังไม่มีแท็ก
คุณยังไม่ได้ล็อกอิน คุณสามารถมีกิจกรรมร่วมกับเว็บไซต์ได้ แต่ต้องล็อกอินก่อน ::
  ล็อกอิน

รายการสื่อสารสนเทศ

ลำดับที่ ประเภท เลขเรียก/บาร์โค้ด สถานที่ สถานะ
1. วิทยาศาสตร์การแพทย์ และสุขภาพ
วิทยาศาสตร์การแพทย์ และสุขภาพ
สถานะ=หนังสือเก่า
QZ4 ต367 ฉ.1 
  Barcode: 21161
ห้องสมุดวิทยาเขตนครสวรรค์
►ส่วนจัดเก็บหนังสือเก่า นว.
บนชั้น
  ขอยืม
2. วิทยาศาสตร์การแพทย์ และสุขภาพ
วิทยาศาสตร์การแพทย์ และสุขภาพ
สถานะ=หนังสือเก่า
QZ4 ต367 ฉ.10 
  Barcode: 21170
ห้องสมุดวิทยาเขตนครสวรรค์
►ส่วนจัดเก็บหนังสือเก่า นว.
บนชั้น
  ขอยืม
3. วิทยาศาสตร์การแพทย์ และสุขภาพ
วิทยาศาสตร์การแพทย์ และสุขภาพ
สถานะ=หนังสือเก่า
QZ4 ต367 ฉ.2 
  Barcode: 21162
ห้องสมุดวิทยาเขตนครสวรรค์
►ส่วนจัดเก็บหนังสือเก่า นว.
บนชั้น
  ขอยืม
4. วิทยาศาสตร์การแพทย์ และสุขภาพ
วิทยาศาสตร์การแพทย์ และสุขภาพ
สถานะ=หนังสือเก่า
QZ4 ต367 ฉ.3 
  Barcode: 21163
ห้องสมุดวิทยาเขตนครสวรรค์
►ส่วนจัดเก็บหนังสือเก่า นว.
บนชั้น
  ขอยืม
5. วิทยาศาสตร์การแพทย์ และสุขภาพ
วิทยาศาสตร์การแพทย์ และสุขภาพ
สถานะ=หนังสือเก่า
QZ4 ต367 ฉ.4 
  Barcode: 21164
ห้องสมุดวิทยาเขตนครสวรรค์
►ส่วนจัดเก็บหนังสือเก่า นว.
บนชั้น
  ขอยืม
6. วิทยาศาสตร์การแพทย์ และสุขภาพ
วิทยาศาสตร์การแพทย์ และสุขภาพ
สถานะ=หนังสือเก่า
QZ4 ต367 ฉ.5 
  Barcode: 21165
ห้องสมุดวิทยาเขตนครสวรรค์
►ส่วนจัดเก็บหนังสือเก่า นว.
บนชั้น
  ขอยืม
7. วิทยาศาสตร์การแพทย์ และสุขภาพ
วิทยาศาสตร์การแพทย์ และสุขภาพ
สถานะ=หนังสือเก่า
QZ4 ต367 ฉ.6 
  Barcode: 21166
ห้องสมุดวิทยาเขตนครสวรรค์
►ส่วนจัดเก็บหนังสือเก่า นว.
บนชั้น
  ขอยืม
8. วิทยาศาสตร์การแพทย์ และสุขภาพ
วิทยาศาสตร์การแพทย์ และสุขภาพ
สถานะ=หนังสือเก่า
QZ4 ต367 ฉ.7 
  Barcode: 21167
ห้องสมุดวิทยาเขตนครสวรรค์
►ส่วนจัดเก็บหนังสือเก่า นว.
บนชั้น
  ขอยืม
9. วิทยาศาสตร์การแพทย์ และสุขภาพ
วิทยาศาสตร์การแพทย์ และสุขภาพ
สถานะ=หนังสือเก่า
QZ4 ต367 ฉ.8 
  Barcode: 21168
ห้องสมุดวิทยาเขตนครสวรรค์
►ส่วนจัดเก็บหนังสือเก่า นว.
บนชั้น
  ขอยืม
10. วิทยาศาสตร์การแพทย์ และสุขภาพ
วิทยาศาสตร์การแพทย์ และสุขภาพ
สถานะ=หนังสือเก่า
QZ4 ต367 ฉ.9 
  Barcode: 21169
ห้องสมุดวิทยาเขตนครสวรรค์
►ส่วนจัดเก็บหนังสือเก่า นว.
บนชั้น
  ขอยืม

รายการใกล้เคียง
    หัวเรื่อง [Pathology]
    หัวเรื่อง [พยาธิวิทยา]
    หัวเรื่อง [กายวิภาคศาสตร์]

BibComment


ยังไม่เคยถูกคอมเมนท์

คอมเมนท์ทรัพยากรรายการนี้
  คอมเมนท์: ตำราพยาธิวิทยากา..


 Copyright 2026. Bcnsprnw @Library